MAASAI MARA UNIVERSITY

LIBRARY CATALOGUE

Contact Us: +254 020 2685356/7 or 0774 057787

Box: 861-20500, NAROK, KENYA

Email: info@mmarau.ac.ke

Kisuke Connie (Record no. 1225)

MARC details
000 -LEADER
fixed length control field 00343nam a2200133Ia 4500
008 - FIXED-LENGTH DATA ELEMENTS--GENERAL INFORMATION
fixed length control field 151015s9999 xx 000 0 und d
020 ## - INTERNATIONAL STANDARD BOOK NUMBER
International Standard Book Number 9966768467
050 ## - LIBRARY OF CONGRESS CALL NUMBER
Classification number HV6569.K4K57 2008
245 ## - TITLE STATEMENT
Title Kisuke Connie
250 ## - EDITION STATEMENT
Edition statement _Rape A critical Analysis
300 ## - PHYSICAL DESCRIPTION
Extent Kenya Uzima 2008
650 ## - SUBJECT ADDED ENTRY--TOPICAL TERM
Topical term or geographic name as entry element _Rape.
700 ## - ADDED ENTRY--PERSONAL NAME
Personal name ^d20110202 10:50:11^okorir

No items available.

© 2016 Maasai Mara University.